Pokémon que empiezan por la letra W - Estadísticas

Estadísticas generales
  • Esta prueba ha sido intentada 19 veces
  • La puntuación promedio es 18 de 29
Estadísticas de respuestas
Gen. Tipo Nombre % Correcto
I Planta/Veneno Weepinbell
100%
I Normal/Hada Wigglytuff
100%
I Agua Wartortle
91%
I Bicho/Veneno Weedle
91%
IV Siniestro/Hielo Weavile
82%
I Veneno Weezing
82%
II Psíquico Wobbuffet
82%
III Agua/Volador Wingull
73%
II Agua/Tierra Wooper
73%
IV Bicho/Planta - Bicho/Tierra - Bicho/Acero Wormadam
73%
III Bicho Wurmple
73%
IX Eléctrico/Volador Wattrel
64%
V Planta/Hada Whimsicott
64%
V Bicho/Veneno Whirlipede
64%
III Agua/Tierra Whiscash
64%
III Psíquico Wynaut
64%
III Agua Wailmer
55%
III Hielo/Agua Walrein
55%
III Agua Wailord
45%
V Normal Watchog
45%
III Normal Whismur
45%
VII Bicho/Agua Wimpod
45%
VII Agua Wishiwashi
45%
IX Siniestro/Planta Wo-Chien
45%
V Psíquico/Volador Woobat
45%
VIII Normal/Psíquico Wyrdeer
45%
VIII Normal Wooloo
36%
IX Agua Wiglett
27%
IX Agua Wugtrio
27%
No se encontraron pruebas coincidentes
Distribución de puntuación
Porcentaje de gente con cada puntuación
Porcentaje por número respondido
Historial de tus puntuaciones
No has intentado esta prueba.